UNDERSTANDING PSYCHOLOGY (Record no. 57896)
[ view plain ]
| 000 -LEADER | |
|---|---|
| fixed length control field | 00369nam a22001577a 4500 |
| 003 - CONTROL NUMBER IDENTIFIER | |
| control field | OSt |
| 005 - DATE AND TIME OF LATEST TRANSACTION | |
| control field | 20231228090803.0 |
| 008 - FIXED-LENGTH DATA ELEMENTS--GENERAL INFORMATION | |
| fixed length control field | 231228b |||||||| |||| 00| 0 eng d |
| 020 ## - INTERNATIONAL STANDARD BOOK NUMBER | |
| International Standard Book Number | 9789390727995 |
| 040 ## - CATALOGING SOURCE | |
| Transcribing agency | IIMT UNIVERSITY |
| 100 ## - MAIN ENTRY--PERSONAL NAME | |
| Personal name | FELDMAN ROBERT S. |
| 245 ## - TITLE STATEMENT | |
| Title | UNDERSTANDING PSYCHOLOGY |
| 260 ## - PUBLICATION, DISTRIBUTION, ETC. | |
| Place of publication, distribution, etc. | DELHI,MC GRAW HILL |
| 300 ## - PHYSICAL DESCRIPTION | |
| Extent | 603 |
| 942 ## - ADDED ENTRY ELEMENTS (KOHA) | |
| Source of classification or shelving scheme | |
| Koha item type | Text-Book- for 7 days |
| Withdrawn status | Lost status | Source of classification or shelving scheme | Damaged status | Not for loan | Home library | Current library | Date acquired | Source of acquisition | Inventory number | Total Checkouts | Barcode | Date last seen | Date last checked out | Koha item type | Public note |
|---|---|---|---|---|---|---|---|---|---|---|---|---|---|---|---|
| IIMT University Central Library Meerut | IIMT University Central Library Meerut | 12/28/2023 | ARISTA PUB | HO/IN/103 20/12/2023 | 2 | 01-B-141247 | 05/06/2025 | 06/28/2024 | Book Cost Paid | Receipt no 160805, Date- 06/05/2025, Amount - Rs 1370/- Paid |

